Tragarse la píldora (Record no. 156187)

MARC details
000 -LEADER
campo de control de longitud fija 00947nam a22001935i 4500
001 - NÚMERO DE CONTROL
campo de control 156187
003 - IDENTIFICADOR DE NÚMERO DE CONTROL
campo de control ES-MaACL
005 - FECHA Y HORA DE LA ÚLTIMA TRANSACCIÓN
campo de control 20251011165009.0
008 - DATOS DE LONGITUD FIJA--INFORMACIÓN GENERAL
campo de control de longitud fija 020416s1883 sp |||| | spa d
040 ## - FUENTE DE CATALOGACIÓN
Centro catalogador/agencia de origen CAM
Lengua de catalogación spa
Centro/agencia transcriptor CAM
100 1# - ENTRADA PRINCIPAL--NOMBRE DE PERSONA
Nombre de persona Jackson Veyán, José.
9 (RLIN) 65824
245 10 - MENCIÓN DEL TÍTULO
Título Tragarse la píldora
Resto del título : juguete cómico-lírico en u nacto y en verso /
Mención de responsabilidad, etc. original de José Jackson Veyan; música del maestro Manuel Nieto.
260 ## - PUBLICACIÓN, DISTRIBUCIÓN, ETC.
Lugar de publicación, distribución, etc. Madrid :
Nombre del editor, distribuidor, etc. [s.n.],
Fecha de publicación, distribución, etc. 1883 (
Fabricante establecimiento tipográfico de M.P. Montoya y Compañía)
500 #1 - NOTA GENERAL
Nota general Estrenado en el teatro de Variedades, el 22 de noviembre de 1883.
596 #1 - NOTA AL PIE DE IMPRENTA
NOTA AL PIE DE IMPRENTA En verso de port. consta: "... de la Biblioteca Lírico-Dramática de Enrique Arregui ..."
700 11 - ENTRADA AGREGADA--NOMBRE PERSONAL
Nombre de persona Nieto, Manuel,
Fechas asociadas al nombre 1844-1915
Término indicativo de función/relación
9 (RLIN) 130485
852 ## - LOCALIZACIÓN
Ubicación ES-MaACL
Número de control de estantería F-4091(4)
Nota libre -- Enc. hol.
condición física -- Falto de la cub. original
Nota libre -- Enc. en un vol. facticio
Encuadernación -- Edic: Añadir T300: 27 p.; 20 cm
Holdings
Estatus retirado Estado de pérdida Estado de daño No para préstamo Colección Biblioteca de origen Biblioteca actual Ubicación en estantería Fecha de adquisición Fuente de adquisición Total de préstamos Signatura topográfica completa Código de barras Visto por última vez Precio de reemplazo Tipo de ítem Koha
        Libros del s. XIX Biblioteca del Ateneo de Madrid Biblioteca del Ateneo de Madrid Depósito 2 17/01/2008     F-4091(4) 1163399 23/02/2023 23/02/2023 Libro impreso antiguo